[Event "Open A"]
[Site "Le Touquet FRA"]
[Date "2006.11.01"]
[Round "7"]
[White "Taddei,B"]
[Black "Saatdjian,T"]
[Result "1-0"]
[WhiteElo "2288"]
[BlackElo "2174"]

1.e4 c5 2.Nf3 e6 3.d4 cxd4 4.Nxd4 a6 5.Bd3 Nf6 6.O-O Qc7 7.Qe2 d6 8.f4 g6
9.f5 Bg7 10.fxe6 fxe6 11.Be3 O-O 12.Nd2 Kh8 13.a4 e5 14.N4b3 Nc6 15.Nc4 Be6
16.Bb6 Qe7 17.c3 Nh5 18.g3 Rxf1+ 19.Rxf1 Nf6 20.Nbd2 Re8 21.Ne3 Bh6 22.Bc4 Kg7
23.Nd5 Bxd5 24.Bxd5 Nxd5 25.exd5 Bxd2 26.Qxd2 Nd8 27.Be3 Nf7 28.c4 Rc8 29.b3 Kg8
30.h4 e4 31.Bd4 Ne5 32.Bxe5 Qxe5 33.Qf4 Qe7 34.Qf6 Qd7 35.h5 Qg4 36.Qf7+ Kh8
37.Qf6+ Kg8 38.Qxd6 gxh5 39.Qe6+ Qxe6 40.dxe6 Re8 41.Rf6 b5 42.cxb5 axb5
43.a5 b4 44.a6 Kg7 45.Rf7+ Kg6 46.a7 Rxe6 47.Rf8  1-0

[Event "FSIM November"]
[Site "Budapest HUN"]
[Date "2006.11.05"]
[Round "2"]
[White "Lengyel,B"]
[Black "Szakolczai,P"]
[Result "1-0"]
[WhiteElo "2326"]
[BlackElo "2287"]

1.e4 c5 2.Nf3 e6 3.d4 cxd4 4.Nxd4 a6 5.Bd3 Qb6 6.Nb3 Qc7 7.O-O Nf6 8.Nc3 d6
9.Bd2 b6 10.Qe2 Bb7 11.f4 Nbd7 12.Rae1 e5 13.a4 h5 14.h3 h4 15.Rf2 Be7 16.Bc4 O-O
17.Bd3 Rfe8 18.fxe5 Nxe5 19.Bf4 Ng6 20.Bh2 Nd7 21.Ref1 Bf6 22.Qd2 Nde5 23.Rxf6 gxf6
24.Rxf6 Re6 25.Rf2 Rf8 26.Nd4 Qc5 27.Nf5 f6 28.Ne2 Rd8 29.Ned4 Ree8 30.Qh6 Rd7
31.Bxe5 Nxe5 32.Qxf6 Nxd3 33.Qg6+ Kf8 34.cxd3 Rf7 35.Ne6+ Rxe6 36.Qxe6 Qc1+
37.Rf1 Qc5+ 38.d4  1-0

[Event "TCh-NOR 2006-7"]
[Site "Oslo NOR"]
[Date "2006.11.11"]
[Round "2"]
[White "Gullaksen,E"]
[Black "Kveinys,A"]
[Result "0-1"]
[WhiteElo "2412"]
[BlackElo "2540"]

1.e4 c5 2.Nf3 e6 3.d4 cxd4 4.Nxd4 a6 5.Bd3 Nf6 6.O-O Qc7 7.Qe2 d6 8.Nc3 Nbd7
9.a4 g6 10.Kh1 Bg7 11.f4 O-O 12.Nf3 Nc5 13.Be3 b6 14.Qe1 Bb7 15.Nd2 Bc6 16.Rf3 Ng4
17.Bxc5 bxc5 18.Rg3 Nf6 19.Re3 Rfb8 20.Rb1 d5 21.Rf3 c4 22.Bf1 d4 23.Nd1 c3
24.bxc3 Rxb1 25.Nxb1 Bxe4 26.Rf2 Rb8 27.Nd2 Bxc2 28.cxd4 Ng4 29.Rf3 Bxd4
30.Be2 Bxd1 31.Bxd1 Nf2+ 32.Rxf2 Bxf2 33.Qxf2 Qc1 34.Qe1 Rd8  0-1

[Event "TCh-ROM Divizia A Masculin"]
[Site "Predeal ROM"]
[Date "2006.11.11"]
[Round "8"]
[White "Varga,Zo"]
[Black "Ionescu,Co"]
[Result "1/2-1/2"]
[WhiteElo "2508"]
[BlackElo "2427"]

1.e4 c5 2.Nf3 e6 3.d4 cxd4 4.Nxd4 a6 5.Bd3 Nf6 6.Qe2 d6 7.O-O g6 8.c4 Bg7
9.Rd1 O-O 10.h3 Qc7 11.Nf3 Nc6 12.Nc3 Nd7 13.Bd2 Nde5 14.Rac1 Nxf3+ 15.Qxf3 Nd4
16.Qg3 Bd7 17.Bf4 e5 18.Be3 Be6 19.Kh1 Rac8 20.f4 Qa5 21.b3 exf4 22.Bxf4 Be5
23.Bf1 Rfd8 24.Qe3 Bxf4 25.Qxf4 Qe5 26.Qf2  1/2-1/2

[Event "TCh-ROM Divizia A Feminin"]
[Site "Predeal ROM"]
[Date "2006.11.12"]
[Round "9"]
[White "Mosnegutu,M"]
[Black "Peptan,C"]
[Result "1/2-1/2"]
[WhiteElo "2225"]
[BlackElo "2428"]

1.e4 c5 2.Nf3 e6 3.d4 cxd4 4.Nxd4 a6 5.Bd3 Qc7 6.O-O Nf6 7.c4 b6 8.Be3 Bb7
9.Nc3 Be7 10.Rc1 d6 11.f4 Nbd7 12.Qf3 Rc8 13.b4 Qb8 14.a3 h5 15.h3 Qa8 16.Bf2 h4
17.Rfe1 Nh5 18.Nd5 Bd8 19.Qg4 Ndf6 20.Nxf6+ Nxf6 21.Qxg7 Rg8 22.Qh6 Kd7 23.f5 e5
24.Nf3 Nxe4 25.Bxe4 Bxe4 26.Nxe5+ dxe5 27.Rcd1+ Ke8 28.Qd6 Bc7 29.Qd7+ Kf8
30.Bxh4 Rxg2+ 31.Kf1 Bc6 32.Qe7+ Kg8 33.Re3 Qb7 34.Rg3+ Rxg3 35.Bxg3 Bg2+
36.Kg1 Qf3 37.Qg5+ Kh7 38.Qh4+ Kg7 39.Qg5+ Kf8 40.Qh6+ Kg8 41.Qg5+ Kh7 42.Qh4+ Kg7  1/2-1/2

[Event "1st GMA Cup"]
[Site "Manila PHI"]
[Date "2006.11.17"]
[Round "1"]
[White "Belov,Vl"]
[Black "Wang Li"]
[Result "1-0"]
[WhiteElo "2589"]
[BlackElo "2226"]

1.e4 c5 2.Nf3 e6 3.d4 cxd4 4.Nxd4 a6 5.Bd3 Bc5 6.Nf3 d6 7.O-O Nf6 8.c4 Nc6
9.a3 h6 10.b4 Ba7 11.Bb2 O-O 12.e5 dxe5 13.Nxe5 Bb8 14.Nxc6 bxc6 15.Nc3 c5
16.Qf3 Bb7 17.Qxb7 Qxd3 18.Na4 Ra7 19.Qf3 Qxc4 20.Bxf6 gxf6 21.Rac1 Qf4 22.Qxf4 Bxf4
23.Rxc5 Rd8 24.g3 Be5 25.Nb6 Bd4 26.Rc6 a5 27.Nc8 Ra8 28.Rfc1 Bb2 29.R1c5 Bxa3
30.Rxa5 Raxc8 31.Rxc8 Rxc8 32.Rxa3 Rc1+ 33.Kg2 Rb1 34.Ra8+ Kg7 35.Rb8 f5
36.Kf3 Kf6 37.Ke3 Rb2 38.b5 Ke5 39.b6 Rb3+ 40.Kd2 Ke4 41.Kc2 Rb5 42.f4 Kf3
43.Kc3 f6 44.Kc4 Rb1 45.Kd4 e5+ 46.fxe5 Rd1+ 47.Kc5 fxe5 48.Rf8 e4 49.b7 Rb1
50.b8=Q Rxb8 51.Rxb8 e3 52.Kd4 e2 53.Rb1  1-0

[Event "1st GMA Cup"]
[Site "Manila PHI"]
[Date "2006.11.17"]
[Round "1"]
[White "Zhang Pengxiang"]
[Black "Estimo,S"]
[Result "1-0"]
[WhiteElo "2636"]
[BlackElo "2279"]

1.e4 c5 2.Nf3 e6 3.d4 cxd4 4.Nxd4 a6 5.Bd3 Nf6 6.O-O Qc7 7.c4 Nc6 8.Nf3 h5
9.Nc3 Bc5 10.Na4 b6 11.Nxc5 bxc5 12.Re1 d6 13.Bg5 Ng4 14.Bc2 Nge5 15.Ba4 Bd7
16.Nxe5 dxe5 17.Bxc6 Bxc6 18.Qf3 f6 19.Be3 Qe7 20.Rad1 Kf7 21.Qe2 Rac8 22.f3 g5
23.Rd2 g4 24.Qf2 Bb7 25.Red1 Rhe8 26.Qh4  1-0

[Event "TCh-BEL 2006-7"]
[Site "Belgium BEL"]
[Date "2006.11.19"]
[Round "4"]
[White "Drabke,L"]
[Black "Lemmers,O"]
[Result "1/2-1/2"]
[WhiteElo "2391"]
[BlackElo "2387"]

1.e4 c5 2.Nf3 e6 3.d4 cxd4 4.Nxd4 a6 5.Bd3 Bc5 6.Nb3 Ba7 7.O-O Nc6 8.c4 Nf6
9.Nc3 O-O 10.Kh1 Ne5 11.Be2 d5 12.cxd5 exd5 13.f4 Nc6 14.e5 Ne4 15.Bd3 f5
16.exf6 Nxf6 17.Bd2 Ne7 18.Qf3 Bg4 19.Qg3 Nf5 20.Bxf5 Bxf5 21.Be3 Ne4 22.Nxe4 Bxe4
23.Bxa7 Rxa7 24.Nc5 Qe7  1/2-1/2

[Event "TCh-BEL 2006-7"]
[Site "Belgium BEL"]
[Date "2006.11.19"]
[Round "4"]
[White "Van den Brande,W"]
[Black "Beuselinck,S"]
[Result "1-0"]
[WhiteElo "2230"]
[BlackElo "2164"]

1.e4 c5 2.Nf3 e6 3.d4 cxd4 4.Nxd4 a6 5.Bd3 d6 6.c4 b6 7.O-O Bb7 8.Nc3 Nd7
9.f4 Qc7 10.Kh1 Ngf6 11.Qe2 h6 12.Bd2 Be7 13.Rae1 O-O 14.Rf3 Nc5 15.Bb1 Rfe8
16.Rg3 d5 17.cxd5 exd5 18.e5 Bf8 19.f5 Kh8 20.Bf4 Rad8 21.Re3 Nfe4 22.f6 g6
23.Rh3 Nxf6 24.Bxh6 Bxh6 25.Rxh6+ Kg7 26.Rh3 Nfe4 27.Nxe4 dxe4 28.Qe3 Rh8
29.Nf5+  1-0

[Event "SK Liburnija GM"]
[Site "Rijeka CRO"]
[Date "2006.11.21"]
[Round "8"]
[White "Bosiocic,Mari"]
[Black "Cvitan,O"]
[Result "0-1"]
[WhiteElo "2448"]
[BlackElo "2529"]

1.e4 c5 2.Nf3 e6 3.d4 cxd4 4.Nxd4 a6 5.Bd3 Nf6 6.O-O d6 7.c4 b6 8.Nc3 Bb7
9.Be3 Nbd7 10.f3 Be7 11.Rc1 O-O 12.Qe1 Re8 13.Qf2 Rc8 14.b3 Qc7 15.Nde2 Bd8
16.h3 Qb8 17.Bb1 d5 18.cxd5 exd5 19.exd5 b5 20.Bd4 b4 21.Ne4 Rxc1 22.Rxc1 Bxd5
23.N2g3 Bxe4 24.Nxe4 Nxe4 25.Bxe4 Bf6 26.Rc6 a5 27.Ra6 Qc8 28.Rc6 Qb8 29.Be3 Ne5
30.Ra6 Rd8 31.Qc2 Rc8 32.Bxh7+ Kh8 33.Qf5 Nxf3+ 34.gxf3 Qg3+ 35.Kf1 Rd8 36.Ra8 Rxa8
37.Qh5 Qh4  0-1

[Event "37th National Chess Congress"]
[Site "Philadelphia USA"]
[Date "2006.11.24"]
[Round "1"]
[White "Mirabile,T"]
[Black "Stripunsky,A"]
[Result "1/2-1/2"]
[WhiteElo "2197"]
[BlackElo "2597"]

1.e4 c5 2.Nf3 e6 3.d4 cxd4 4.Nxd4 a6 5.Bd3 Qc7 6.O-O Bc5 7.Nb3 Be7 8.Qe2 d6
9.a4 b6 10.f4 Nd7 11.Be3 Ngf6 12.Nc3 Bb7 13.Rae1 O-O 14.Kh1 Rfe8 15.Bg1 g6
16.e5 Nh5 17.Be4 Rac8 18.Bxb7 Qxb7 19.Rd1 dxe5 20.fxe5 Bf8 21.Nd4 Bg7 22.Nf3 Red8
23.Rd4 Nb8 24.Rxd8+ Rxd8 25.Rd1 Rd7 26.Rxd7 Nxd7 27.Bd4 Nf4 28.Qe4 Qxe4 29.Nxe4 Ne2
30.c3 Nc1 31.Nf2 Nb3 32.Nd3 h5 33.Kg1 Kf8 34.Kf2 Ke8 35.Ke2 Bh6 36.h4 Kd8
37.Kd1 Nxd4 38.cxd4 Nb8 39.Kc2 Nc6 40.Kc3 Ne7 41.Nb4 a5 42.Nc2 Nd5+ 43.Kc4 Kc7
44.g3 Ne7 45.Ng1 Bd2 46.Ne2 Kc6 47.Kd3 Bh6 48.Kc4 Nd5 49.Kd3 b5 50.axb5+ Kxb5
51.Nc3+ Kc6 52.Ne4 a4 53.Nc3 Nb6 54.Ne2 Kb5 55.Nc3+ Ka5 56.Ne2 Nd5 57.Kc4 Nb6+
58.Kd3 Ka6 59.Nb4+ Kb5 60.Na2 Bf8 61.Nec3+ Kc6 62.Nc1 Be7 63.Ke4 Bb4 64.N1a2 Bf8
65.Kd3 Bh6 66.Nb4+ Kd7 67.Ke4 Bd2 68.Nba2 Be1 69.Kf3 Kc6 70.Ne4 Nc4 71.Ke2 Ba5
72.Nc5 Kb5 73.b3 Nb2 74.bxa4+ Nxa4 75.Nxa4 Kxa4 76.Kd3 Kb5 77.Nc3+ Kc6 78.Ne4 Kd7
79.Nc5+ Ke7 80.Ne4 Bc7 81.Kc4 Ba5 82.d5 exd5+ 83.Kxd5 Be1 84.Kd4 Ke6 85.Ng5+ Kf5
86.Nxf7 Bxg3 87.e6 Kxe6 88.Ng5+ Kf5 89.Nf3 Kf4 90.Ne5 Bf2+ 91.Kd5 Kf5 92.Nxg6 Kxg6
93.Ke4  1/2-1/2

[Event "19th Belgrade Trophy"]
[Site "Belgrade SRB"]
[Date "2006.11.25"]
[Round "4"]
[White "Sarenac,D"]
[Black "Stojanovic,Da"]
[Result "1/2-1/2"]
[WhiteElo "2205"]
[BlackElo "2469"]

1.e4 c5 2.Nf3 e6 3.d4 cxd4 4.Nxd4 a6 5.Bd3 Bc5 6.Nb3 Ba7 7.Qg4 Nf6 8.Qg3 d6
9.Bg5 Nc6 10.Nc3 h6 11.Bd2 Nh5 12.Qg4 Nf6 13.Qg3 Ne5 14.f4 Nxd3+ 15.Qxd3 O-O
16.O-O-O b5 17.a3 Ng4 18.Be1 Ne3 19.Rd2 Nc4 20.Re2 Bb7 21.Bf2 Bxf2 22.Rxf2 Rc8
23.Nd2 Qb6 24.Re2 Rfd8 25.Nxc4 Rxc4 26.Rd1 Qc7 27.e5 Rxf4 28.exd6 Qc5 29.Qg3 Qg5
30.Qxg5 hxg5 31.Re5 g4 32.Rc5 Bxg2 33.b3 Rf5 34.Rc7 Bd5 35.d7 Kf8 36.Na2 Bf3
37.Rd2 e5 38.Nb4 a5 39.Nc6 Bxc6 40.Rxc6 Ke7 41.Rc7 e4 42.Rd4 Re5 43.Kd2 f5
44.c4 bxc4 45.bxc4 f4 46.c5 e3+ 47.Ke1 g5 48.c6 e2 49.Rc4 f3 50.Rc1 f2+ 51.Kxf2 Rf8+
52.Kg2 e1=Q 53.Rxe1 Rxe1 54.Rc8 Re2+ 55.Kg3  1/2-1/2

[Event "37th National Chess Congress"]
[Site "Philadelphia USA"]
[Date "2006.11.25"]
[Round "3"]
[White "Samuelson,A"]
[Black "Goletiani,R"]
[Result "1/2-1/2"]
[WhiteElo "2173"]
[BlackElo "2403"]

1.e4 c5 2.Nf3 e6 3.d4 cxd4 4.Nxd4 a6 5.Bd3 Bc5 6.Nb3 Be7 7.O-O Nc6 8.Be3 Nf6
9.Nc3 Qc7 10.a4 b6 11.f4 d6 12.Qf3 Bb7 13.h3 O-O 14.g4 Nd7 15.g5 Nb4 16.Qf2 Nc5
17.Nxc5 dxc5 18.f5 exf5 19.exf5 c4 20.Be4 Bxe4 21.Nxe4 Qe5 22.Qg2 Nd5 23.Bc1 f6
24.gxf6 Nxf6 25.Nxf6+ Bxf6 26.Ra3 Rae8 27.Rg3 Kh8 28.b3 Rf7 29.Kh1 b5 30.axb5 Qxb5
31.bxc4 Qxc4 32.Re3 Rc8 33.Rfe1 Rff8 34.Ba3 Rg8 35.R1e2 Rb8 36.Bd6 Rb1+ 37.Kh2 Bd4
38.Re8 Bg1+ 39.Kg3 h6 40.Rxg8+ Qxg8 41.Be5 Ba7 42.Qc6 Bb8 43.Qxh6+ Qh7 44.Qxh7+ Kxh7
45.Bxb8 Rxb8 46.Re7 Kg8 47.Ra7 Rc8 48.Rxa6 Rxc2 49.Kf4 Kh7 50.Ra7 Kh6 51.Ke5 Re2+
52.Kd6 Re3 53.h4 Re4 54.h5 Rg4 55.Ke6 Kxh5 56.Ra5 Kh6 57.Re5 Ra4 58.Re1  1/2-1/2

[Event "37th National Chess Congress"]
[Site "Philadelphia USA"]
[Date "2006.11.25"]
[Round "3"]
[White "Mirabile,T"]
[Black "Kleiman,J"]
[Result "0-1"]
[WhiteElo "2197"]
[BlackElo "2320"]

1.e4 c5 2.Nf3 e6 3.d4 cxd4 4.Nxd4 a6 5.Bd3 Ne7 6.O-O Nbc6 7.Be3 Nxd4 8.Bxd4 Nc6
9.Be3 Be7 10.f4 d6 11.Nd2 O-O 12.Nc4 d5 13.exd5 exd5 14.Bb6 dxc4 15.Bxd8 Rxd8
16.Bxh7+ Kxh7 17.Qe2 Be6 18.Rad1 g6 19.c3 Bc5+ 20.Kh1 Ne7 21.Qe5 b6 22.Qf6 Rd5
23.Rxd5 Nxd5 24.Qe5 Ne3 25.f5 Bxf5 26.Rf3 Rd8 27.Rxe3 Bxe3 28.g4 Rd1+ 29.Kg2 Rg1+
30.Kf3 Bxg4+  0-1

[Event "ch-ROM"]
[Site "Predeal ROM"]
[Date "2006.11.29"]
[Round "3"]
[White "Barzanu,I"]
[Black "Nanu,C"]
[Result "0-1"]
[WhiteElo "2198"]
[BlackElo "2482"]

1.d4 e6 2.e4 c5 3.Nf3 cxd4 4.Nxd4 a6 5.Bd3 Ne7 6.O-O Nbc6 7.Be3 d5 8.exd5 Nxd5
9.Nxc6 bxc6 10.Bd2 Be7 11.c4 Nf6 12.Qf3 O-O 13.Nc3 Ra7 14.Rad1 Rd7 15.Bc1 c5
16.Be2 Bb7 17.Rxd7 Qxd7 18.Qe3 Bd6 19.Bf3 Bxf3 20.Qxf3 Qc7 21.g3 Be5 22.Na4 Bd4
23.Rd1 h6 24.b4 e5 25.Nxc5 Qb6 26.Be3 Qxb4 27.Bxd4 exd4 28.Nb3 Qxc4 29.Rxd4 Qc8
30.Kg2 Re8 31.Rd1 Qc2 32.Rd2 Qc4 33.Rd4 Qe6 34.Rd3 Ng4 35.Qd5 Qe2 36.Qf3 Nxf2
37.Qxe2 Rxe2 38.Rd2 Rxd2 39.Nxd2 Nd1 40.Ne4 f5 41.Nc5 a5 42.a4 Kf7 43.Kf3 Kf6
44.Nb3 Nc3 45.Nxa5 Nxa4 46.Nc6 Nc3 47.Nd4 Ke5  0-1

[Event "19th Belgrade Trophy"]
[Site "Belgrade SRB"]
[Date "2006.11.30"]
[Round "9"]
[White "Dudukovic,N"]
[Black "Pucarevic,M"]
[Result "1-0"]
[WhiteElo "2095"]
[BlackElo "2228"]

1.e4 c5 2.Nf3 e6 3.d4 cxd4 4.Nxd4 a6 5.Bd3 Nf6 6.c4 d6 7.Nc3 Nbd7 8.Be3 g6
9.O-O Bg7 10.Re1 O-O 11.f3 b6 12.Bf1 Bb7 13.Rc1 Re8 14.b4 Qc7 15.Nb3 Rac8
16.Qd2 Qb8 17.Red1 Bf8 18.a3 Qa8 19.Na4 b5 20.cxb5 d5 21.e5 axb5 22.Bxb5 Nxe5
23.Bxe8 Rxe8 24.Na5 Nc4 25.Nxc4 Qxa4 26.Na5 Ba8 27.Bd4 e5 28.Bb2 d4 29.Nc4 Nd5
30.Qc2 Qa6 31.Re1 Bh6 32.Nxe5 Be3+ 33.Rxe3 Nxe3 34.Qf2 Rxe5 35.Bxd4 Re8 36.Bxe3 Qxa3
37.Bd2 Qd3 38.Re1 Bc6 39.Rxe8+ Bxe8 40.Qe1 Qd4+ 41.Be3 Qe5 42.Qd2 f6 43.Bf4 Qe6
44.Kf2 g5 45.Be3 h6 46.h4 gxh4 47.Bxh6 Qb6+ 48.Be3 Qb8 49.Kg1 Bg6 50.Bf2 h3
51.gxh3 Kg7 52.Kg2 Qb5 53.Bd4 Bd3 54.Qf4 Qc6 55.Kg3 Kf7 56.h4 Qe6 57.Be3 Bf1
58.Kf2 Bh3 59.Qd4 Qa2+ 60.Bd2 Qb1 61.Qc4+ Be6 62.Qc1 Qa2 63.Kg3 Qa7 64.Qc5 Qa1  1-0

[Event "90th ch-Marshall CC"]
[Site "New York USA"]
[Date "2006.12.01"]
[Round "1"]
[White "Pressman,L"]
[Black "Stripunsky,A"]
[Result "0-1"]
[WhiteElo "2020"]
[BlackElo "2597"]

1.e4 c5 2.Nf3 e6 3.d4 cxd4 4.Nxd4 a6 5.Bd3 Qc7 6.O-O Nf6 7.c4 Bd6 8.h3 Nc6
9.Nxc6 dxc6 10.Nc3 e5 11.Be3 Be6 12.Re1 Qe7 13.Na4 O-O 14.c5 Bc7 15.a3 Rad8
16.Qe2 Rfe8 17.b4 Nd7 18.Nc3 Nf8 19.Bc4 Ng6 20.Bxe6 Qxe6 21.Red1 Nf4 22.Qg4 Qb3
23.Bxf4 exf4 24.Rd7 h5 25.Rxd8 Rxd8 26.Qg5 Qb2 27.Rd1 Rxd1+ 28.Nxd1 Qe2  0-1

[Event "TCh-BEL 2006-7"]
[Site "Belgium BEL"]
[Date "2006.12.03"]
[Round "5"]
[White "Leenhouts,K"]
[Black "Kveinys,A"]
[Result "0-1"]
[WhiteElo "2404"]
[BlackElo "2540"]

1.e4 c5 2.Nf3 e6 3.d4 cxd4 4.Nxd4 a6 5.Bd3 Nf6 6.O-O Qc7 7.c4 Nc6 8.Nc2 Bc5
9.Nc3 d6 10.b3 O-O 11.Bb2 Ne5 12.Be2 Bd7 13.Kh1 Bc6 14.f4 Ng6 15.Bd3 Rad8
16.Qe2 e5 17.b4 Ba7 18.b5 axb5 19.cxb5 Bd7 20.Nb4 Bg4 21.Qe1 Qa5 22.Nbd5 Nxd5
23.Nxd5 Qxe1 24.Raxe1 Nxf4 25.Nxf4 exf4 26.Rxf4 Be6 27.a4 Bb6 28.Rf3 Ra8
29.Bc2 Rfc8 30.Bd1 Ba5 31.Ref1 Bc4 32.R1f2 Re8 33.Be2 Be6 34.Rg3 g6 35.Rd3 Bb6
36.Bd4 Bc5 37.Bxc5 dxc5 38.Ra3 b6 39.Rf1 Red8 40.Rd1 Bc4 41.Rxd8+ Rxd8 42.Bf3 Ra8
43.e5 Ra5 44.Bc6 Kf8 45.h4 Ke7 46.Bf3 h5 47.Kh2 Ke6 48.Kg3 Bxb5 49.Rb3 Bxa4
50.Rxb6+ Kxe5 51.Rb7 f6 52.Be2 Bc2 53.Re7+ Kd6 54.Rf7 Ra3+ 55.Kf2 Ke6 56.Rc7 Rc3
57.Ke1 Be4 58.Kd2 Kd6 59.Rf7 Rg3  0-1

[Event "XV Asiad Men's Rapid"]
[Site "Doha QAT"]
[Date "2006.12.03"]
[Round "5"]
[White "Megaranto,S"]
[Black "Kasimdzhanov,R"]
[Result "1-0"]
[WhiteElo "2492"]
[BlackElo "2672"]

1.e4 c5 2.Nf3 e6 3.d4 cxd4 4.Nxd4 a6 5.Bd3 Bc5 6.Nb3 Ba7 7.Qe2 Nc6 8.Be3 d6
9.O-O Nge7 10.f4 O-O 11.Bxa7 Rxa7 12.N1d2 b5 13.Nf3 Qb6+ 14.Qf2 Qxf2+ 15.Rxf2 Rc7
16.a3 e5 17.fxe5 Nxe5 18.Nbd4 Bb7 19.Rd2 Rfc8 20.Re1 g6 21.c3 Kg7 22.Bb1 Nc4
23.Rf2 Nc6 24.Nxc6 Bxc6 25.Ba2 Bb7 26.Bxc4 bxc4 27.Rd2 Re8 28.Rxd6 Rxe4 29.Rxe4 Bxe4
30.Nd2 Bd3 31.b3 a5 32.Rd4 Kf6 33.bxc4 Bf5 34.Rd5 a4 35.Kf2 Rb7 36.c5 Ke7
37.Ke3 Rb2 38.c6 Rb6 39.Rc5 Kd6 40.Rxf5  1-0

[Event "XV Asiad Women's Rapid"]
[Site "Doha QAT"]
[Date "2006.12.03"]
[Round "6"]
[White "Aketaeva,D"]
[Black "Mir Mahmoud,A"]
[Result "1-0"]
[WhiteElo "2312"]
[BlackElo "1961"]

1.e4 c5 2.Nf3 e6 3.d4 cxd4 4.Nxd4 a6 5.Bd3 Qc7 6.c4 Nf6 7.Nc3 b6 8.O-O Bb7
9.Kh1 Be7 10.f4 d6 11.Qe1 Nbd7 12.Qg3 g6 13.Bd2 Nc5 14.Rae1 O-O-O 15.Bb1 h5
16.b4 Ncd7 17.Rc1 Kb8 18.Bd3 h4 19.Qh3 Nh5 20.Nde2 Rdg8 21.a4 g5 22.fxg5 Ne5
23.a5 Bxg5 24.Bxg5 Rxg5 25.b5 Qd8 26.Qe3 Rhg8 27.bxa6 Bxa6 28.Rb1 Nd7 29.Rxf7 Rxa5
30.Rxd7 Qxd7 31.Qxb6+ Bb7 32.Qxa5 Qg7 33.Rg1 Qh6 34.Nb5 Ng3+ 35.Nxg3 hxg3
36.Qc7+ Ka8 37.Ra1+  1-0

[Event "ch-ROM"]
[Site "Predeal ROM"]
[Date "2006.12.03"]
[Round "7"]
[White "Bonte,An"]
[Black "Nanu,C"]
[Result "0-1"]
[WhiteElo "2223"]
[BlackElo "2482"]

1.e4 c5 2.Nf3 e6 3.d4 cxd4 4.Nxd4 a6 5.Bd3 b5 6.a4 b4 7.O-O Bb7 8.c4 Ne7
9.Nd2 Nec6 10.N2b3 Be7 11.Be3 Ne5 12.f4 Nxd3 13.Qxd3 d6 14.f5 e5 15.f6 exd4
16.fxe7 Qxe7 17.Bxd4 O-O 18.Qg3 f6 19.c5 Nd7 20.cxd6 Qxe4 21.Rae1 Qd5 22.Re7 Rf7
23.Rfe1 Raf8 24.Rxf7 Rxf7 25.Re8+ Nf8 26.Bf2 Bc6 27.Rd8 Rd7 28.Rxd7 Nxd7
29.Nd4 Bxa4 30.b3 Bc6 31.Qf3 Qxd4 32.Bxd4 Bxf3 33.gxf3 Kf7 34.Bb6 Nxb6  0-1

[Event "90th ch-Marshall CC"]
[Site "New York USA"]
[Date "2006.12.10"]
[Round "9"]
[White "Ivanov,AV USA"]
[Black "Stripunsky,A"]
[Result "1/2-1/2"]
[WhiteElo "2587"]
[BlackElo "2597"]

1.e4 c5 2.Nf3 e6 3.d4 cxd4 4.Nxd4 a6 5.Bd3 Ne7 6.O-O Nbc6 7.c3 g6 8.Be3 Bg7
9.Nd2 O-O 10.f4 b5 11.f5 exf5 12.exf5 Nd5 13.Bf2 Nxd4 14.cxd4 Bb7 15.Qf3 Qg5
16.Rad1 Qf4 17.Be4 Qxf3 18.Bxf3 gxf5 19.Nb3 Ra7 20.Rfe1 Ba8 21.Nc5 d6 22.Nd3 Bh6
23.Re2 Rc7 24.Rde1 Kg7 25.a3 Rfc8 26.Re8 f4 27.Rxc8 Rxc8 28.Rc1 Re8 29.Re1 Rc8
30.Rc1 Rxc1+ 31.Nxc1 Nc7 32.Nd3 Bd5 33.Kf1 Kf6 34.Ke2 Ke6 35.Nb4 Bxf3+ 36.gxf3 a5
37.Nc6 a4 38.Kd3 Bg5 39.Be1 Kd5 40.Nb4+ Ke6 41.Nc6 Kd5  1/2-1/2

[Event "6th Amplico AIG Life"]
[Site "Warsaw POL"]
[Date "2006.12.16"]
[Round "5"]
[White "Firman,N"]
[Black "Gritsak,O"]
[Result "1/2-1/2"]
[WhiteElo "2495"]
[BlackElo "2542"]

1.e4 c5 2.Nf3 e6 3.d4 cxd4 4.Nxd4 a6 5.Bd3 Ne7 6.Nc3 Nbc6 7.Nxc6 Nxc6 8.f4 Be7
9.Qf3 b5 10.Be3 Bb7 11.Qf2 Nb4 12.O-O O-O 13.Rac1 Rc8 14.Bb6 Qe8 15.Qe3 f5
16.a3 Nxd3 17.cxd3 Qg6 18.Bd4 fxe4 19.Nxe4 h6 20.Be5 d6 21.Bc3 d5 22.Ng3 Bd6
23.d4 Bb8 24.Rce1 Rf6 25.Ne2 Bc6 26.Nc1 b4 27.Bxb4 Bb5 28.Rf2 Rc2 29.Rxc2 Qxc2
30.Qc3 Qxc3 31.Bxc3 Bxf4 32.g3 Bd6 33.Nb3 Kf7 34.Nc5 e5 35.Nb7 e4 36.Nxd6+ Rxd6
37.Bd2 Rf6 38.b3 g5 39.a4 Bd3 40.b4 Kg6 41.h3 Bc4 42.Kg2 Rf3 43.Be3 h5 44.g4 h4
45.Bf2 Ra3 46.b5 Rxa4 47.bxa6 Rxa6 48.Rb1 Be2 49.Be3 Bf3+ 50.Kg1 Ra2 51.Rb6+ Kf7
52.Bxg5 Rg2+ 53.Kf1 Rg3 54.Rh6 Bg2+ 55.Kf2 Bxh3 56.Rxh4 Rf3+ 57.Ke2 Bf1+
58.Kd2 Rd3+ 59.Ke1 Bg2 60.Kf2 Bf3 61.Be3 Rb3 62.g5 Kg6 63.Rf4 Rb2+ 64.Kg3 Rg2+
65.Kh4 Rh2+ 66.Kg3 Rg2+ 67.Kh4 Rxg5 68.Rf8 Rh5+ 69.Kg3 Kg7 70.Rd8 Rf5 71.Bf4 Kf7
72.Rd7+ Ke6 73.Rd6+ Ke7 74.Rg6 Be2 75.Rg5 Kf6 76.Rxf5+ Kxf5 77.Be3  1/2-1/2

[Event "6th Amplico AIG Life"]
[Site "Warsaw POL"]
[Date "2006.12.16"]
[Round "5"]
[White "Bartel,Mat"]
[Black "Gajewski,G"]
[Result "1/2-1/2"]
[WhiteElo "2569"]
[BlackElo "2515"]

1.e4 c5 2.Nf3 e6 3.d4 cxd4 4.Nxd4 a6 5.Bd3 Bc5 6.c3 Ne7 7.Nd2 O-O 8.O-O d6
9.Kh1 Nbc6 10.N2b3 Nxd4 11.cxd4 Ba7 12.f4 f5 13.Be3 b5 14.Qe1 Bb7 15.Bd2  1/2-1/2

[Event "6th Amplico AIG Life"]
[Site "Warsaw POL"]
[Date "2006.12.16"]
[Round "7"]
[White "Shirov,A"]
[Black "Kveinys,A"]
[Result "1/2-1/2"]
[WhiteElo "2720"]
[BlackElo "2540"]

1.e4 c5 2.Nf3 e6 3.d4 cxd4 4.Nxd4 a6 5.Bd3 Nf6 6.O-O Qc7 7.c4 Nc6 8.Nf3 Bc5
9.Nc3 d6 10.h3 O-O 11.Bf4 Nd7 12.a3 Nde5 13.Rc1 Qe7 14.b4 Ba7 15.Nxe5 Nxe5
16.Be2 Rd8 17.Qd2 Bd7 18.Rfd1 Be8 19.Bg5 f6 20.Be3 Bxe3 21.Qxe3 Rac8 22.Rd4 g5
23.Rcd1 Nc6 24.R4d2 Ne5 25.Qd4 Bg6 26.g3 Rxc4 27.Qe3 Rdc8 28.Bxc4 Nxc4 29.Qd4 Nxd2
30.Rxd2 Rc6 31.b5 axb5 32.Nxb5 d5 33.exd5 exd5 34.Qxd5+ Bf7 35.Qd8+ Qxd8
36.Rxd8+ Kg7 37.Nd4 Rc1+ 38.Kg2 h5 39.g4 hxg4 40.hxg4 Kg6 41.Nf5 Be6 42.Ne3 Ra1  1/2-1/2

[Event "GM Multicoms"]
[Site "Paris FRA"]
[Date "2006.12.17"]
[Round "5"]
[White "Le Roux,JP"]
[Black "Shchekachev,A"]
[Result "1/2-1/2"]
[WhiteElo "2494"]
[BlackElo "2561"]

1.e4 c5 2.Nf3 e6 3.d4 cxd4 4.Nxd4 a6 5.Bd3 Nf6 6.O-O Qc7 7.Nd2 Bc5 8.N2f3 d6
9.Bg5 Nbd7 10.Qd2 h6 11.Bxf6 Nxf6 12.Rad1 e5 13.Ne2 O-O 14.Ng3 Be6 15.Nh4 d5
16.exd5 Nxd5 17.Bf5 Rad8 18.Bxe6 Ne3 19.Bxf7+ Qxf7 20.Qxd8 Nxf1 21.Qd5 Bxf2+
22.Kxf1 Bxg3+ 23.Nf3 Bxh2 24.Qxf7+ Rxf7 25.Ke2 Bg3 26.Rd8+ Rf8 27.Rxf8+ Kxf8
28.Nd2 Bf4 29.Ne4 Bc1 30.b4 b6 31.Kd3 Ke7 32.a4 h5 33.c4 Kd7 34.b5 axb5 35.axb5 Ba3
36.Nc3 Bc5 37.Ne4 Be7 38.Ke3 Ke6 39.Kf3 g6 40.g4 Bb4 41.Ng3 hxg4+ 42.Kxg4 e4
43.Nxe4 Ke5 44.Nf2 Kd4 45.Kg5 Kxc4 46.Ng4 Kxb5 47.Ne5 Ka4 48.Kxg6 Bc3 49.Nc6 Kb5
50.Ne7 Kc5 51.Kf5 b5 52.Ke4 Bf6 53.Nf5 b4 54.Kd3 b3 55.Ne3 Kb4 56.Nd1 Bg7
57.Kd2  1/2-1/2

[Event "6th Amplico AIG Life Gp1"]
[Site "Warsaw POL"]
[Date "2006.12.17"]
[Round "1"]
[White "Socko,B"]
[Black "Gajewski,G"]
[Result "1/2-1/2"]
[WhiteElo "2630"]
[BlackElo "2515"]

1.e4 c5 2.Nf3 e6 3.d4 cxd4 4.Nxd4 a6 5.Bd3 Bc5 6.Nb3 Ba7 7.Qe2 Ne7 8.Be3 Bxe3
9.Qxe3 e5 10.N1d2 Nbc6 11.Rd1 b5 12.c4 O-O 13.O-O Qc7 14.Rc1 Rb8 15.Qe2 b4
16.c5 a5 17.Nf3 d6 18.h3 a4 19.Nbd2 dxc5 20.Rxc5 Qd6 21.Rfc1 Rd8 22.Bb5 Bb7
23.Bxa4 Ra8 24.Bb3 Ng6 25.Qc4 Qd7 26.Ng5 Nh8 27.Ngf3 Ng6 28.Nf1 Na5 29.Qxb4 Nxb3
30.Qxb3 Nf4 31.Ng3 Nd3 32.Nxe5 Nxc5 33.Rxc5 Qd1+ 34.Qxd1 Rxd1+ 35.Kh2 f6
36.Nf3 Rc8 37.Rb5 Bc6 38.Rb6 Bd7 39.e5 fxe5 40.Nxe5 Be8 41.Nf5 Kf8 42.Rb7 Rd2
43.Nxg7 Rxf2 44.Ne6+ Kg8 45.Ng4 Rxg2+ 46.Kxg2 Bc6+ 47.Kg3 Bxb7 48.Nh6+ Kh8
49.Nf7+  1/2-1/2

[Event "GM Multicoms"]
[Site "Paris FRA"]
[Date "2006.12.21"]
[Round "9"]
[White "Guliyev,N"]
[Black "Draoui,N"]
[Result "1-0"]
[WhiteElo "2542"]
[BlackElo "2416"]

1.e4 c5 2.Nf3 e6 3.d4 cxd4 4.Nxd4 a6 5.Bd3 Nf6 6.O-O Qc7 7.Kh1 d6 8.f4 Nbd7
9.Nd2 Be7 10.Qe2 O-O 11.c3 b6 12.N2f3 Bb7 13.e5 Ne8 14.Bd2 Nc5 15.Bc2 g6
16.Rae1 Ng7 17.Qf2 Rae8 18.b4 Nd7 19.Bb3 Kh8 20.Qg3 Nf5 21.Qh3 Rg8 22.Kg1 b5
23.g4 Nxd4 24.cxd4 Nb6 25.Rc1 Qd7 26.d5 Nxd5 27.Bxd5 Bxd5 28.Bc3 dxe5 29.Bxe5+ f6
30.Rc7 Qxc7 31.Bxc7 Rc8 32.Bb6 Rc3 33.Bd4 Rd3 34.Bc5  1-0

[Event "44th National A ch-IND"]
[Site "Atul IND"]
[Date "2006.12.26"]
[Round "10"]
[White "Deepan,C"]
[Black "Kunte,A"]
[Result "1-0"]
[WhiteElo "2501"]
[BlackElo "2524"]

1.e4 c5 2.Nf3 e6 3.d4 cxd4 4.Nxd4 a6 5.Bd3 Bc5 6.Nb3 Ba7 7.Qg4 Nf6 8.Qg3 d6
9.O-O Nc6 10.Kh1 h5 11.Bg5 h4 12.Qf3 h3 13.gxh3 Ne5 14.Qg2 b5 15.a4 b4 16.N1d2 Bb7
17.Rae1 Rc8 18.f4 Nxd3 19.cxd3 Kf8 20.Nf3 Qd7 21.Nbd4 Ne8 22.f5 exf5 23.Nxf5 Rc5
24.N3h4 Kg8 25.Ne7+ Kh7 26.Rxf7 Qe6 27.Ref1 Nf6 28.R1xf6 Qxf6 29.Rxf6 gxf6
30.Bh6  1-0